000 00643nam a2200265Ia 4500
005 20260306164049.0
008 008 260114s9999 xx 000 0 eng d
020 _a9781399513685
037 _aEBOOK
040 _aCRL
040 _beng
040 _cCRL
041 _2eng
041 _aeng
084 _qCRL
100 _aGioli, Giovanna
_9978025
245 0 _aThinking As Anarchists: Selected Writings From Volont`A
260 _bEdinburgh University Press
260 _c2022
650 _aPhilosophy
856 _uhttps://academic.oup.com/book/44114
942 _cEBOOK
999 _c1712599
_d1712599